000 00283nam a22001337a 4500
008 171025b xxu||||| |||| 00| 0 eng d
020 _a9780131924956
041 _aeng
080 _23 ED
_a311
100 _a55
101 _aSTA
245 _aSTATISTICS
_cLARSON
942 _2udc
_cBK
999 _c35964
_d35964